Songs in ordinary time / Mary McGarry Morris.
Available copies
- 2 of 2 copies available at LARL/NWRL Consortium.
Current holds
0 current holds with 2 total copies.
Show Only Available Copies
| Location | Call Number / Copy Notes | Barcode | Shelving Location | Status | Due Date |
|---|---|---|---|---|---|
| Roseau Public Library | MOR (Text) | 35500006493439 | Main | Available | - |
| Thief River Falls Public Library | MOR (Text) | 35500002575692 | Main | Available | - |
Record details
- ISBN: 0140244824 (pbk.)
- Physical Description: 740 p. ; 20 cm.
- Publisher: New York, N.Y., U.S.A. : Penguin Books, 1996.
Content descriptions
| General Note: | "First published in the United States of America by Viking Penguin...1995"--T.p. verso. |
Search for related items by subject
| Subject: | Divorced women > Vermont > Fiction. Dysfunctional families > Vermont > Fiction. Vermont > Fiction. |
| Genre: | Domestic fiction. |
| LDR | 00951nam a2200265Ia 4500 | ||
|---|---|---|---|
| 001 | 20384 | ||
| 003 | LARL_NWRL_CONSORTIUM | ||
| 005 | 19970707153903.0 | ||
| 008 | 960815r19961995nyu g 000 0 eng d | ||
| 020 | . | ‡a0140244824 (pbk.) | |
| 035 | . | ‡a(OCoLC)35245223 | |
| 040 | . | ‡aLPU ‡cLPU ‡dCLE | |
| 092 | . | ‡aFICTION | |
| 100 | 1 | . | ‡aMorris, Mary McGarry. ‡0(LARL_NWRL_CONSORTIUM)93237 |
| 245 | 1 | 0. | ‡aSongs in ordinary time / ‡cMary McGarry Morris. |
| 260 | . | ‡aNew York, N.Y., U.S.A. : ‡bPenguin Books, ‡c1996. | |
| 300 | . | ‡a740 p. ; ‡c20 cm. | |
| 500 | . | ‡a"First published in the United States of America by Viking Penguin...1995"--T.p. verso. | |
| 650 | 0. | ‡aDivorced women ‡zVermont ‡vFiction. | |
| 650 | 0. | ‡aDysfunctional families ‡zVermont ‡vFiction. | |
| 651 | 0. | ‡aVermont ‡vFiction. | |
| 655 | 0. | ‡aDomestic fiction. | |
| 901 | . | ‡a20384 ‡bOCLC ‡c20384 ‡tbiblio | |

Add to basket
Permalink
Enable Highlighting